Histoire d'Angleterre (Record no. 164006)
[ view plain ]
| 000 -LEADER | |
|---|---|
| campo de control de longitud fija | 00884nam a22001935i 4500 |
| 001 - NÚMERO DE CONTROL | |
| campo de control | 164006 |
| 003 - IDENTIFICADOR DE NÚMERO DE CONTROL | |
| campo de control | ES-MaACL |
| 005 - FECHA Y HORA DE LA ÚLTIMA TRANSACCIÓN | |
| campo de control | 20230906212844.0 |
| 008 - DATOS DE LONGITUD FIJA--INFORMACIÓN GENERAL | |
| campo de control de longitud fija | 050817m18441845fr af | |||||||| ||fre d |
| 040 ## - FUENTE DE CATALOGACIÓN | |
| Centro catalogador/agencia de origen | CAM |
| Lengua de catalogación | spa |
| Centro/agencia transcriptor | CAM |
| 100 1# - ENTRADA PRINCIPAL--NOMBRE DE PERSONA | |
| Nombre de persona | Roujoux, Prudence Guillaume |
| Títulos y otros términos asociados al nombre | Baron de. |
| 9 (RLIN) | 132096 |
| 245 10 - MENCIÓN DEL TÍTULO | |
| Título | Histoire d'Angleterre |
| Resto del título | : depuis les temps les plus reculés jusqu'a nos jours / |
| Mención de responsabilidad, etc. | par MM. de Roujoux et Alfred Mainguet. |
| 250 ## - MENCION DE EDICION | |
| Mención de edición | Nouv. éd. |
| Resto de la mención de edición | augm. de plus d'un tiers et enrichie d'un grand nombre de gravures, de tableaux synoptiques, cartes geographiques, etc. |
| 260 ## - PUBLICACIÓN, DISTRIBUCIÓN, ETC. | |
| Lugar de publicación, distribución, etc. | Paris : |
| Nombre del editor, distribuidor, etc. | Charles Hingray, libraire-éditeur, |
| Fecha de publicación, distribución, etc. | 1844-1845. |
| 300 ## - DESCRIPCIÓN FÍSICA | |
| Extensión | 2 v. (796 p., [21] h. de lám. ; 766 p., [20] h. de lám.) : |
| Otras características físicas | il. ; |
| Dimensiones | 27 cm. |
| 651 #4 - PUNTO DE ACCESO ADICIONAL DE MATERIA--NOMBRE GEOGRÁFICO | |
| Nombre geográfico | Gran Bretaña- |
| Subdivisión general | Historia. |
| 9 (RLIN) | 8752 |
| 700 1# - ENTRADA AGREGADA--NOMBRE PERSONAL | |
| Nombre de persona | Mainguet, Alfred. |
| 9 (RLIN) | 129366 |
| 852 ## - LOCALIZACIÓN | |
| Ubicación | ES-MaACL |
| Número de control de estantería | G-4449-4450 |
| Nota libre | -- Enc. pasta española |
| Estatus retirado | Estado de pérdida | Estado de daño | No para préstamo | Colección | Biblioteca de origen | Biblioteca actual | Ubicación en estantería | Fecha de adquisición | Fuente de adquisición | Total de préstamos | Signatura topográfica completa | Código de barras | Visto por última vez | Precio de reemplazo | Tipo de ítem Koha |
|---|---|---|---|---|---|---|---|---|---|---|---|---|---|---|---|
| Libros del s. XIX | Biblioteca del Ateneo de Madrid | Biblioteca del Ateneo de Madrid | Depósito 2 | 17/01/2008 | G-4449-4450 | 1171889 | 23/02/2023 | 23/02/2023 | Libro impreso antiguo |
